| 000 | 01202nam a2200325 i 4500 | ||
|---|---|---|---|
| 001 | 000016164 | ||
| 003 | DO-SdBNP | ||
| 005 | 20240313133356.0 | ||
| 007 | ta | ||
| 008 | 100226s2002 dr 000 0 spa d | ||
| 040 |
_aDO-SdBNP _bspa _cBNPHU _erda |
||
| 082 | 4 |
_a347.729305 _bP438p, 2002 _222 |
|
| 100 | 1 |
_aPèrez Mèndez, Artagnan, _d1929-2017 _eautor _977104 |
|
| 245 | 1 | 0 |
_aProcedimiento civil / _cArtagnan Pérez Méndez |
| 250 | _a11a ed. revisada, corregida, actualizada y ampliada | ||
| 264 |
_aSanto Domingo : _bAmigo del Hogar, _c2002. |
||
| 300 |
_avolumen ; _c23 cm. |
||
| 336 |
_2rdacontent _atexto _btxt |
||
| 337 |
_2rdamedia _asin mediación _bn |
||
| 338 |
_2rdacarrier _avolumen _bnc |
||
| 500 | _aLa biblioteca posee el v.1. t.1 | ||
| 500 | _aIncluye referencias bibliográficas y notas al pie de páginas | ||
| 504 | _aBibliografía : p. 387-391 | ||
| 505 | 0 | _at. 1, v.1 La organización judicial -- Acción en justicia -- La competencia -- La instancia | |
| 590 | _aInventariado, 2023/BT | ||
| 650 | 4 |
_aProcedimiento civil _zRepública Dominicana _916575 |
|
| 700 | 1 |
_aCury, Jottin _910227 _epresentación |
|
| 910 | _aValidado. Control de calidad MFF | ||
| 942 |
_2ddc _cLBS1 |
||
| 999 |
_c15704 _d15704 |
||